The psychopathology of everyday life. (Record no. 544569)

000 -LEADER
fixed length control field 00665cam a22001931 4500
082 00 - DEWEY DECIMAL CLASSIFICATION NUMBER
Classification number 616.89
Author Mark FRE
-- L-29, P-58
100 1# - MAIN ENTRY--PERSONAL NAME
Personal name Freud, Sigmund,
9 (RLIN) 37011
245 14 - TITLE STATEMENT
Title The psychopathology of everyday life.
Statement of responsibility, etc. Translated from the German by Alan Tyson. Edited with an introd. and additional notes by James Strachey.
260 ## - PUBLICATION, DISTRIBUTION, ETC.
Place of publication, distribution, etc. New York,
Name of publisher, distributor, etc. Norton
Date of publication, distribution, etc. [1966, c1965]
300 ## - PHYSICAL DESCRIPTION
Extent xiii, 310 p.
Dimensions 21 cm.
526 ## - STUDY PROGRAM INFORMATION NOTE
Program name 0
Interest level 0
Reading level 0
Title point value 616_890000000000000_FRE
650 #0 - SUBJECT ADDED ENTRY--TOPICAL TERM
Topical term or geographic name entry element MCE
9 (RLIN) 379
650 #0 - SUBJECT ADDED ENTRY--TOPICAL TERM
Topical term or geographic name entry element Memory.
9 (RLIN) 1778
650 #0 - SUBJECT ADDED ENTRY--TOPICAL TERM
Topical term or geographic name entry element Parapraxis.
9 (RLIN) 40227
650 #0 - SUBJECT ADDED ENTRY--TOPICAL TERM
Topical term or geographic name entry element Psychoanalysis.
9 (RLIN) 11876
650 #0 - SUBJECT ADDED ENTRY--TOPICAL TERM
Topical term or geographic name entry element Psychology, Pathological.
9 (RLIN) 3179
700 1# - ADDED ENTRY--PERSONAL NAME
Personal name Strachey, James,
942 ## - ADDED ENTRY ELEMENTS (KOHA)
Source of classification or shelving scheme
Koha item type Book
Holdings
Withdrawn status Lost status Source of classification or shelving scheme Damaged status Not for loan Permanent Location Current Location Date acquired Total Checkouts Total Renewals Full call number Barcode Date last seen Date last checked out Price effective from Koha item type
          Military College of Engineering (MCE) Military College of Engineering (MCE) 05/08/2014 2 1 616.89 FRE MCE-26411 09/15/2020 02/25/2020 05/08/2014 Book
© 2023 Central Library, National University of Sciences and Technology. All Rights Reserved.